| Tag |
First Indicator |
Second Indicator |
Subfields |
| LEADER |
00000cjm a2200000 a 4500 |
| 001 |
in00002785882 |
| 005 |
20151202171600.0 |
| 007 |
sd fsngnnmmned |
| 008 |
120831s2009 cauppnne n eng d |
| 010 |
|
|
|a 2012623507
|
| 024 |
1 |
|
|a 093624974260
|
| 024 |
7 |
|
|a 00093624974260
|2 gtin-14
|
| 028 |
0 |
2 |
|a 520425-2
|b WB Records
|
| 035 |
|
|
|a (OCoLC)ocn428063611
|
| 035 |
|
|
|a (OCoLC)428063611
|
| 040 |
|
|
|a BTCTA
|b eng
|c BTCTA
|d DLC
|d CLE
|d QQ3
|d UtOrBLW
|
| 042 |
|
|
|a lccopycat
|
| 043 |
|
|
|a n-us---
|
| 049 |
|
|
|a TXAM
|
| 050 |
1 |
4 |
|a M1630.18.N4936
|b S55 2009
|
| 082 |
0 |
4 |
|a 782.421649
|2 22
|
| 090 |
|
|
|a M1670.N48
|b S55 2009
|
| 110 |
2 |
|
|a New Boyz (Musical group),
|e performer.
|
| 245 |
1 |
0 |
|a Skinny jeanz and a mic /
|c New Boyz.
|
| 246 |
3 |
|
|a Skinny jeans and a mic
|
| 264 |
|
1 |
|a Burbank, CA :
|b WB Records,
|c [2009]
|
| 264 |
|
4 |
|c ℗2009
|
| 300 |
|
|
|a 1 sound disc :
|b digital ;
|c 4 3/4 in.
|
| 336 |
|
|
|a performed music
|b prm
|2 rdacontent
|
| 337 |
|
|
|a audio
|b s
|2 rdamedia
|
| 338 |
|
|
|a audio disc
|b sd
|2 rdacarrier
|
| 500 |
|
|
|a Compact disc.
|
| 500 |
|
|
|a "Parental advisory, explicit content"--Container.
|
| 511 |
0 |
|
|a New Boyz ; with assisting musicians.
|
| 505 |
0 |
|
|a Cricketz (feat. Tyga) -- You're a jerk -- Dot com -- Colorz -- Way 2 many chickz -- Turnt -- Bunz (feat. Kydd-SB) -- Cashmere -- So dope -- Tie me down (feat. Ray J) -- New girl (feat. D&D) -- No more (feat. O.N.E.) -- One night.
|
| 500 |
|
|
|a Sound recording.
|
| 650 |
|
0 |
|a Popular music
|y 2001-2010.
|
| 650 |
|
0 |
|a Rap (Music)
|
| 948 |
|
|
|a cataloged
|b h
|c 2012/12/4
|d c
|e jstorlie
|f 12:56:17 pm
|
| 994 |
|
|
|a C0
|b TXA
|
| 999 |
|
|
|a MARS
|
| 999 |
f |
f |
|s 6e4b9a25-4492-30bf-9408-5cee5c34e226
|i 28cab773-7f47-3dea-b0d0-97ee645e06e2
|t 0
|
| 952 |
f |
f |
|p ric
|a Texas A&M University
|b Rellis Campus
|c Joint Library Facility
|d Remote Storage
|t 0
|e M1670.N48 S55 2009
|h Library of Congress classification
|i audio -- audio disc
|m A14841621189
|
| 998 |
f |
f |
|a M1670.N48 S55 2009
|t 0
|l Remote Storage
|